| 000 | 00809cam a2200253 a 4500 | ||
|---|---|---|---|
| 005 | 20260322212038.0 | ||
| 008 | data | ||
| 010 | _a 2003013308 | ||
| 020 | _a0966517695 | ||
| 020 | _a9780966517699 | ||
| 040 |
_aDLC _cDLC _dDLC |
||
| 050 | 0 | 0 |
_aPN4775 _b.L288 2003 |
| 082 | 0 | 0 |
_a808.02 _221 |
| 092 | _a808.02 L288 2003 | ||
| 100 | 1 |
_aLaRocque, Paula, _d1937- |
|
| 245 | 1 | 4 |
_aThe book on writing : _bthe ultimate guide to writing well / _cPaula LaRocque. |
| 260 |
_aOak Park, IL : _bMarion Street Press, _cc2003. |
||
| 300 |
_a240 p. ; _c23 cm. |
||
| 500 | _aIncludes index. | ||
| 650 | 0 | _aAuthorship. | |
| 856 | 4 | 1 |
_3Table of contents only _uhttp://www.loc.gov/catdir/toc/ecip045/2003013308.html |
| 856 | 4 | 2 |
_3Publisher description _uhttp://www.loc.gov/catdir/enhancements/fy0614/2003013308-d.html |
| 001 | data | ||
| 999 |
_c900 _d900 |
||